000 00235nmm a2200085Ia 4500
008 220120s9999||||xx |||||||||||||||||und||
100 _aLFY
_910674
245 0 _aApplication servers,developers, Newbies, secret maryo chroni
260 _c2006
999 _c138521
_d138521